| 000 | 00545nam a2200169 a 4500 | ||
|---|---|---|---|
| 005 | 20140310183156.0 | ||
| 008 | 021015s19uu xx 00 eng d | ||
| 050 |
_aQA 39 _b.H557 2001 |
||
| 245 |
_aMathematics of investment : _bworkbook with tables / _cRogelio M. Hernandez. ... ( et. al ). |
||
| 260 |
_aPhilippine : _bAcademic Publishing Corporation : _c2001. |
||
| 300 |
_a245 p. : _bill. ; _c25 cm. |
||
| 521 | _aBSBA | ||
| 650 |
_aMathematics _xproblems, exercises, etc. |
||
| 650 | _aInvestments | ||
| 942 |
_cBK _2lcc _kLOC |
||
| 999 |
_c19756 _d19756 |
||